| 000 | 01441nam a2200229 u 4500 | ||
|---|---|---|---|
| 001 | 000814834 | ||
| 003 | AM-YeHGA | ||
| 005 | 20250617144501.0 | ||
| 008 | 110606s ru r 000 0 rus d | ||
| 040 | _aAM-YeHGA | ||
| 041 | 0 | _arus | |
| 245 | 0 | 0 |
_aТермоэлектрические материалы : _bТекущая библиографическая информация / _cФизико-технический институт им. А.Ф. Иоффе АН СССР. Б-ка Академии наук СССР; Сост.: А.И. Блум, Л.А. Фунт; Ред. А.И. Блум. |
| 260 |
_aЛенинград : _bБ. и. |
||
| 300 | _a№. | ||
| 504 | _aБиблилгр.: с. 38-43 | ||
| 505 | 1 | 0 |
_g№ 1 (32) ( 1970, 43 с.) _g№ 1 (42) ( 1972, 43 с.) _g№ 2 (33) ( 1971, 37 с.) _g№ 2 (43) ( 1972, 38 с.) _g№ 3 (34) ( 1971, 43 с.) _g№ 3 (44) ( 1972, 44 с.) _g№ 4 (35) ( 1971, 40 с.) _g№ 4 (45) ( 1972, 49 с.) _g№ 5 (36) ( 1971, 35 с.) _g№ 5 (46) ( 1972, 43 с.) _g№ 6 (37) ( 1971, 31 с.) _g№ 7 (38) ( 1971, 31 с.) _g№ 8 (39) ( 1971, 42 с.) _g№ 9 (31) ( 1971, 31 с.) _g№ 8 (40) ( 1971, 44 с.) |
| 653 | 0 | _aФизика полупроводников | |
| 700 | 1 |
_aБлум, А. И. _eсост. _4com |
|
| 710 | 2 | _aФизико-технический институт им. А.Ф. Иоффе АН СССР | |
| 710 | 2 | _aБиблиотека Академии наук СССР | |
| 090 | _c296625 | ||
| 999 |
_c294936 _d294936 |
||